Basic electronics (Record no. 4948)
[ view plain ]
| 000 -LEADER | |
|---|---|
| fixed length control field | 00518nam a2200169Ia 4500 |
| 003 - CONTROL NUMBER IDENTIFIER | |
| control field | SGT |
| 020 ## - INTERNATIONAL STANDARD BOOK NUMBER | |
| International Standard Book Number | 1789380026039 |
| 082 ## - DEWEY DECIMAL CLASSIFICATION NUMBER | |
| Classification number | 621.381 |
| Item number | NAI |
| 100 ## - MAIN ENTRY--PERSONAL NAME | |
| Personal name | Nair,B. Somanathan |
| 245 ## - TITLE STATEMENT | |
| Title | Basic electronics |
| 260 ## - PUBLICATION, DISTRIBUTION, ETC. (IMPRINT) | |
| Name of publisher, distributor, etc | I.K. International Publishing House Pvt. Ltd. |
| Place of publication, distribution, etc | New Delhi |
| Year of Publication | 2009 |
| 300 ## - PAGE DESCRIPTION | |
| No. of Pages | 326p. |
| 650 ## - SUBJECT ADDED ENTRY--TOPICAL TERM | |
| Topical term or geographic name as entry element | ENGINEERING AND ALLIED OPERATIONS |
| 653 ## - KEYWORDS--INDEX TERM | |
| Keyword term | ELECTRICAL ENGINEERING, ELECTRON DYNAMICS, BASIC SEMICONDUCTOR THEORY SEMICONDUCTOR RECTIFIER CIRCUITS |
| 700 ## - ADDED ENTRY--PERSONAL NAME | |
| Personal name | Deep,S.R |
| 942 ## - ADDED ENTRY ELEMENTS (KOHA) | |
| Source of classification or shelving scheme | Dewey Decimal Classification |
| Koha item type | Books |
| Withdrawn status | Lost status | Source of classification or shelving scheme | Damaged status | Use restrictions | Not for loan | Home library | Current library | Shelving location | Date acquired | SGTU | Full call number | Accession No. (Barcode) | Date last seen | Bill Date | Koha item type | Total Checkouts | Total Renewals | Date last borrowed |
|---|---|---|---|---|---|---|---|---|---|---|---|---|---|---|---|---|---|---|
| Dewey Decimal Classification | Restricted Access | Not For Loan | SGT Engineering Library | SGT Engineering Library | Reference Book | 28/04/2010 | SGTU | 621.381 NAI | FE1908 | 09/02/2015 | 09/02/2015 | Books | ||||||
| Withdrawn | Dewey Decimal Classification | SGT Engineering Library | SGT Engineering Library | 28/04/2010 | SGTU | 621.381 NAI | FE1909 | 09/02/2015 | 09/02/2015 | Books | ||||||||
| Dewey Decimal Classification | SGT Engineering Library | SGT Engineering Library | 28/04/2010 | SGTU | 621.381 NAI | FE1910 | 02/04/2021 | 09/02/2015 | Books | 4 | 2 | 02/03/2021 | ||||||
| Dewey Decimal Classification | SGT Engineering Library | SGT Engineering Library | 28/04/2010 | SGTU | 621.381 NAI | FE1911 | 15/03/2021 | 09/02/2015 | Books | 3 | 02/03/2021 | |||||||
| Dewey Decimal Classification | SGT Engineering Library | SGT Engineering Library | 28/04/2010 | SGTU | 621.381 NAI | FE1912 | 25/02/2021 | 09/02/2015 | Books | 2 | 18/01/2021 |